000 00703nam a2200193Ii 4500
003 JO-AjNU
008 230605s9999||||xx |||||||||||||| ||und||
040 _aJO-AjNU
_bara
_erda
_cJO-AjNU
041 _aara
050 1 4 _aKMM126.A29.2011
100 3 _aالزعبي، تيسير أحمد,
_eauthor
_950000
245 0 0 _aموسوعة الأردن القانونية: قانون العمل الأردني
264 3 1 _aعمان: تيسير احمد المومني، 2011
300 _a224ص
336 _atext
_btxt
_2rdacontent
337 _aunmediated
_bn
_2rdamedia
338 _avolume
_bnc
_2rdacarrier
650 4 _aالعمل والعمال -- قوانين وتشريعات -- الأردن
_950001
999 _aA21997
_c25565
_d25565